Normal view
MARC view
- Supervisor: Dr. Shah Khalid
Entry Personal Name
001 - CONTROL NUMBER
- control field: 112628
003 - CONTROL NUMBER IDENTIFIER
- control field: NUST
005 - DATE AND TIME OF LATEST TRANSACTION
- control field: 20230525153052.0
008 - FIXED-LENGTH DATA ELEMENTS
- fixed length control field: 230525|| aca||aabn | a|a d
040 ## - CATALOGING SOURCE
- Original cataloging agency: NUST
- Transcribing agency: NUST
100 ## - HEADING--PERSONAL NAME
- Personal name: Supervisor: Dr. Shah Khalid
670 ## - SOURCE DATA FOUND
- Source citation: Work cat.: (NUST): Bano, Sheher 112627, Improving Extractive Summarization of Scholarly Documents using BERT and BiGRU
